Mediación: Alternativa para la resolución de conflictos./ (Registro nro. 8135)

Detalles MARC
000 -LEADER
fixed length control field 01595nam a2200193Ia 4500
005 - FECHA Y HORA DE LA ÚLTIMA TRANSACCIÓN
control field 20250705115440.0
008 - FIXED-LENGTH DATA ELEMENTS--GENERAL INFORMATION
fixed length control field 230506s9999 xx 000 0 und d
020 ## - INTERNATIONAL STANDARD BOOK NUMBER
International Standard Book Number 9879080610
040 ## - CATALOGING SOURCE
Original cataloging agency UPAN
Transcribing agency Biblioteca San Vicente
Description conventions RCAA2
041 ## - LANGUAGE CODE
Language code of text/sound track or separate title spa
082 ## - DEWEY DECIMAL CLASSIFICATION NUMBER
Classification number 346.016
Item number C378m
año de publicación 2000
100 ## - MAIN ENTRY--PERSONAL NAME
Personal name Castaneda Abay, Armando
Relator code aut.
245 #0 - TITLE STATEMENT
Title Mediación: Alternativa para la resolución de conflictos./
Remainder of title Armando Castanedo Abay
260 ## - PUBLICATION, DISTRIBUTION, ETC. (IMPRINT)
Place of publication, distribution, etc Argentina:
Name of publisher, distributor, etc Advocatus,
Date of publication, distribution, etc 2000
300 ## - PHYSICAL DESCRIPTION
Extent 149 p.:
Dimensions 23 cm.
505 ## - FORMATTED CONTENTS NOTE
Formatted contents note Introducción <br/>La mediación un entendimiento facilitado<br/>La mediación particular. Su reflejo filosófico y social<br/>La mediación y la tesis de la desregulación o la deslegalización <br/>El reflejo social de la mediación en distintos sectores<br/>Reglas básicas para esclarecer o limpiar el proceso de mediación. Técnicas para romper la impasse<br/>Técnicas para romper la impasse<br/>Técnicas para controlar las emociones que conduzcan a tensiones<br/>Reflejo en la mediación de la complejidad del conflicto. Sus factores interno externos<br/>El conflicto: Marco teórico para su estudio <br/>Definición<br/>Relación percepción - situación conflictiva<br/>Aproximaciones teóricas al estudio del conflicto<br/>Estructura y dinámica del conflicto<br/>Las personas y el proceso conflictual<br/>Las diferencias esenciales y las circunstancias ambientales que las rodean<br/>Generalidades del proceso de mediación <br/>¿Cómo funciona la mediación?<br/>Reglas para estructurar la agenda del mediador<br/>Código de comportamiento profesional para mediadores
650 ## - SUBJECT ADDED ENTRY--TOPICAL TERM
Source of heading or term LEMB
Topical term or geographic name as entry element Mediaciòn
942 ## - ADDED ENTRY ELEMENTS (KOHA)
Koha item type Libros
Source of classification or shelving scheme Dewey Decimal Classification
Existencias
Withdrawn status Lost status Source of classification or shelving scheme Damaged status Not for loan Collection code Home library Current library Date acquired Total Checkouts Full call number Barcode Date last seen Price effective from Koha item type
    Dewey Decimal Classification     Colección General Biblioteca UPAN San Vicente Biblioteca UPAN San Vicente 06/05/2023   346.016 C378m 12000822 06/05/2023 06/05/2023 Libros